000 00689 a2200253 4500
999 _c21278
_d7954
001 21278
003 TR-AnTOB
005 20241105161743.0
008 041102s2000 tu tur
020 _a9757649384
040 _aTR-AnTOB
_cTR-AnTOB
041 _atur
050 _aDR592.E55
_bC43 2000
090 _aDR592.E55 C43 2000
100 _aCharles D. Haley
_914324
245 0 _aSon savaşçı :
_bEnver Paşa /
_cCharles D. Haley ; çev. Necdet Özbek.
264 1 _aİstanbul :
_bFener Yayınları,
_c2000.
300 _a142 p. ;
_c20 cm.
504 _aIncludes bibliographies.
600 0 0 _aEnver Paşa,
_d1881-1922
_vBiyografi
_9119295
902 _a0006157
942 _cBK
_2lcc